[Event "IX Otwarty Turniej Szachowy<br>o laur am"]
[Site "Krakow"]
[Date "2013.??.??"]
[Round "3.1"]
[White "Peronczyk, Karol"]
[Black "Chmiel, Marcin"]
[Result "1-0"]
[WhiteElo "1764"]
[BlackElo "1956"]
[PlyCount "69"]
[EventDate "2013.??.??"]

1. d4 Nf6 2. b3 d5 3. Bb2 g6 4. Nf3 Bg7 5. Nbd2 O-O 6. e3 c5 7. Bd3 cxd4 8.
exd4 Nc6 9. Qe2 Nb4 10. Nf1 Nxd3+ 11. Qxd3 Bf5 12. Qe2 Rc8 13. Ne3 Qd7 14. Ne5
Qc7 15. g4 Be6 16. f4 Ne4 17. O-O-O f6 18. Nd3 Nc3 19. Bxc3 Qxc3 20. Nb2 f5 21.
Rd3 Qa5 22. gxf5 Bxf5 23. Nxf5 Rxf5 24. Qe6+ Kh8 25. Qxc8+ Rf8 26. Qc3 Qxa2 27.
Na4 Qa3+ 28. Kb1 b5 29. Qc5 b4 30. Rf1 h6 31. Qxe7 Rc8 32. Rg1 Kh7 33. f5 Rg8
34. Rxg6 a5 35. Rdg3 1-0

[Event "IX Otwarty Turniej Szachowy<br>o laur am"]
[Site "Krakow"]
[Date "2013.??.??"]
[Round "3.2"]
[White "Zegota, Andrzej"]
[Black "Janik, Andrzej"]
[Result "1/2-1/2"]
[WhiteElo "1742"]
[BlackElo "1875"]
[PlyCount "40"]
[EventDate "2013.??.??"]

1. e4 e5 2. Nf3 Nc6 3. Bc4 Be7 4. d4 d6 5. dxe5 Nxe5 6. Nxe5 dxe5 7. Qxd8+ Bxd8
8. Be3 Nf6 9. f3 O-O 10. Nc3 c6 11. a4 Be7 12. Kf2 Rd8 13. Rhd1 Rxd1 14. Rxd1
Kf8 15. Ne2 b6 16. Ng3 g6 17. c3 Bb7 18. Ne2 h5 19. g3 Rd8 20. Rxd8+ Bxd8
1/2-1/2

[Event "IX Otwarty Turniej Szachowy<br>o laur am"]
[Site "Krakow"]
[Date "2013.??.??"]
[Round "3.3"]
[White "Matysiak, Samuel"]
[Black "Wilk, Maciej"]
[Result "1-0"]
[WhiteElo "1851"]
[BlackElo "1676"]
[PlyCount "47"]
[EventDate "2013.??.??"]

1. e4 e5 2. Nf3 Nf6 3. Nxe5 d6 4. Nf3 Nxe4 5. Nc3 Nxc3 6. bxc3 Nc6 7. d4 Be7 8.
Bd3 Bg4 9. h3 Bh5 10. Rb1 Rb8 11. O-O O-O 12. Rb5 Bg6 13. Be3 a6 14. Rb3 Na5
15. Rb1 c5 16. Qe2 Qc7 17. Nd2 b5 18. Rfc1 Bf6 19. Qf3 Bxd3 20. cxd3 cxd4 21.
cxd4 Nc6 22. Rc2 Rfc8 23. Rbc1 Rb7 24. Rxc6 1-0

[Event "IX Otwarty Turniej Szachowy<br>o laur am"]
[Site "Krakow"]
[Date "2013.??.??"]
[Round "3.4"]
[White "Lozynski, Kamil"]
[Black "Czarnik, Josef"]
[Result "1/2-1/2"]
[WhiteElo "1957"]
[BlackElo "2016"]
[PlyCount "45"]
[EventDate "2013.??.??"]

1. d4 d5 2. c4 c6 3. Nc3 e5 4. cxd5 cxd5 5. e3 e4 6. Qb3 Nf6 7. Bd2 Nc6 8. Nge2
Rb8 9. Nf4 Be6 10. Be2 Be7 11. f3 O-O 12. fxe4 Na5 13. Qc2 dxe4 14. Nxe6 fxe6
15. O-O Rc8 16. Qb1 e5 17. Nxe4 exd4 18. Bxa5 Qxa5 19. exd4 Rfd8 20. Rd1 Qb6
21. Qd3 Nxe4 22. Qxe4 Bf6 23. Kh1 1/2-1/2

[Event "IX Otwarty Turniej Szachowy<br>o laur am"]
[Site "Krakow"]
[Date "2013.??.??"]
[Round "3.5"]
[White "Tikhonov, Valeri"]
[Black "Deka, Konrad"]
[Result "0-1"]
[WhiteElo "1732"]
[BlackElo "1711"]
[PlyCount "78"]
[EventDate "2013.??.??"]

1. e4 c5 2. Nf3 d6 3. d3 Nc6 4. g3 g6 5. Bg2 Bg7 6. O-O Nf6 7. Nbd2 O-O 8. Re1
Rb8 9. Nc4 b5 10. Ne3 Qc7 11. Qe2 Bb7 12. Nd5 Qd7 13. Nf4 e5 14. Bh3 Qc7 15.
Ng2 Nd4 16. Nxd4 cxd4 17. Bg5 h6 18. Bxf6 Bxf6 19. f4 Bc8 20. Bxc8 Rfxc8 21.
Rec1 Rb6 22. c4 dxc3 23. Rxc3 Rc6 24. Rac1 Qb7 25. Rxc6 Rxc6 26. Rxc6 Qxc6 27.
Qd2 Qc5+ 28. Kf1 exf4 29. gxf4 Qd4 30. b3 Qa1+ 31. Kf2 Bb2 32. a4 bxa4 33. bxa4
Bd4+ 34. Ne3 Qxa4 35. Kf3 Qa1 36. Nd5 h5 37. f5 Qf1+ 38. Kg3 Qg1+ 39. Kf3 Qg4#
0-1

[Event "IX Otwarty Turniej Szachowy<br>o laur am"]
[Site "Krakow"]
[Date "2013.??.??"]
[Round "3.6"]
[White "Kowalski, Piotr"]
[Black "Chowaniec, Artur"]
[Result "0-1"]
[WhiteElo "2045"]
[BlackElo "1540"]
[PlyCount "108"]
[EventDate "2013.??.??"]

1. e4 c5 2. Nf3 d6 3. d4 cxd4 4. Nxd4 Nf6 5. Nc3 a6 6. Be2 e6 7. f4 Be7 8. O-O
O-O 9. Be3 b5 10. Bf3 e5 11. Nb3 Bb7 12. Kh1 exf4 13. Bxf4 b4 14. e5 dxe5 15.
Bxb7 Ra7 16. Bxe5 Rxb7 17. Qf3 Rd7 18. Na4 Rd5 19. Rae1 Nc6 20. Bf4 Nd4 21.
Nxd4 Rxd4 22. Qb7 Nd5 23. Be5 Rd2 24. Qxa6 Rxc2 25. Rd1 Nc7 26. Qb7 Qa8 27.
Qxa8 Nxa8 28. Rd7 Re8 29. h3 f6 30. Bg3 Bc5 31. Nxc5 Rxc5 32. Rb7 Ra5 33. Rd1
Kh8 34. Rdd7 Rg8 35. Bf2 Rxa2 36. Bd4 Ra6 37. g4 h6 38. Rxb4 Kh7 39. Rbb7 Kg6
40. h4 h5 41. g5 fxg5 42. Rxg7+ Rxg7 43. Rxg7+ Kf5 44. Rxg5+ Ke4 45. Bc3 Rh6
46. Kg2 Nc7 47. Rc5 Nd5 48. Bd2 Rg6+ 49. Kf2 Rf6+ 50. Ke2 Nf4+ 51. Kd1 Nd3 52.
Rc4+ Kf3 53. b4 Nb2+ 54. Kc2 Nxc4 0-1

[Event "IX Otwarty Turniej Szachowy<br>o laur am"]
[Site "Krakow"]
[Date "2013.??.??"]
[Round "3.7"]
[White "Gumularz, Szymon"]
[Black "Golda, Sebastian"]
[Result "1-0"]
[WhiteElo "1926"]
[BlackElo "1605"]
[PlyCount "40"]
[EventDate "2013.??.??"]

1. d4 Nf6 2. Nf3 g6 3. g3 Bg7 4. Bg2 O-O 5. O-O c5 6. c4 cxd4 7. Nxd4 Nc6 8.
Nc3 Qb6 9. Nb3 d6 10. e4 Bd7 11. Be3 Qb4 12. Rc1 Qxc4 13. Bf3 Ne5 14. Nd5 Nxf3+
15. Qxf3 Qa4 16. Nxe7+ Kh8 17. Bd4 Ng4 18. Bxg7+ Kxg7 19. Qc3+ f6 20. f3 Nh6
1-0

[Event "IX Otwarty Turniej Szachowy<br>o laur am"]
[Site "Krakow"]
[Date "2013.??.??"]
[Round "3.8"]
[White "Klementys, Jerzy"]
[Black "Poreba, Witold"]
[Result "1-0"]
[WhiteElo "1800"]
[BlackElo "1474"]
[PlyCount "63"]
[EventDate "2013.??.??"]

1. d4 d5 2. c4 dxc4 3. Nc3 e6 4. e4 Nf6 5. Bxc4 Bb4 6. f3 h6 7. Nge2 a6 8. O-O
Bxc3 9. bxc3 c6 10. a4 O-O 11. a5 Nbd7 12. Be3 Re8 13. e5 Nd5 14. Bc1 b5 15.
axb6 Qxb6 16. Qe1 c5 17. Qg3 Kh8 18. Qh3 cxd4 19. Bxh6 gxh6 20. Qxh6+ Kg8 21.
Bd3 dxc3+ 22. Kh1 Nxe5 23. Bh7+ Kh8 24. Ra4 Qe3 25. Qh5 Kg7 26. Re4 Qh6 27.
Qxe5+ Kxh7 28. Qd4 Qf6 29. Re5 Rh8 30. Nxc3 Kg8 31. Nxd5 exd5 32. Re8+ 1-0

[Event "IX Otwarty Turniej Szachowy<br>o laur am"]
[Site "Krakow"]
[Date "2013.??.??"]
[Round "3.9"]
[White "Szczurek, Krzysztof"]
[Black "Swiech, Joanna"]
[Result "1-0"]
[WhiteElo "1637"]
[BlackElo "1537"]
[PlyCount "93"]
[EventDate "2013.??.??"]

1. d4 Nf6 2. c4 g6 3. Nc3 Bg7 4. e4 d6 5. Nf3 O-O 6. Be2 Nbd7 7. O-O c5 8. Bg5
cxd4 9. Nxd4 Qb6 10. Nb3 Ne5 11. Bxf6 Bxf6 12. Nd5 Qc6 13. Nd4 Qd7 14. Nxf6+
exf6 15. h3 b6 16. f4 Nc6 17. Bg4 Qc7 18. Nb5 Qe7 19. Qxd6 Bxg4 20. Qxe7 Nxe7
21. hxg4 Rfd8 22. Rfd1 Nc6 23. Nc7 Rac8 24. Nd5 Kg7 25. Kh2 Re8 26. Re1 Nd4 27.
Rac1 Ne6 28. e5 fxe5 29. Rxe5 Nc5 30. Rxe8 Rxe8 31. Rc2 Re4 32. Kg3 Nd3 33. Rd2
Nc5 34. b4 Ne6 35. f5 gxf5 36. gxf5 Nd4 37. f6+ Kg6 38. c5 bxc5 39. bxc5 Nf5+
40. Kf3 Rc4 41. c6 Nd4+ 42. Rxd4 Rxd4 43. c7 Rxd5 44. c8=Q Rf5+ 45. Kg4 Rxf6
46. Qg8+ Kh6 47. Qg5# 1-0

[Event "IX Otwarty Turniej Szachowy<br>o laur am"]
[Site "Krakow"]
[Date "2013.??.??"]
[Round "3.10"]
[White "Cebula, Alicja"]
[Black "Latka, Tadeusz"]
[Result "1-0"]
[WhiteElo "1595"]
[BlackElo "1610"]
[PlyCount "37"]
[EventDate "2013.??.??"]

1. e4 c6 2. d4 d5 3. e5 Bf5 4. Bd3 Bxd3 5. Qxd3 e6 6. Ne2 Nd7 7. Nd2 Qc7 8. O-O
c5 9. c3 Ne7 10. f4 Nf5 11. a3 a5 12. Kh1 Be7 13. Rb1 c4 14. Qh3 b5 15. g4 Nh6
16. f5 Bg5 17. fxe6 fxe6 18. Qh5+ g6 19. Qxg5 1-0

[Event "IX Otwarty Turniej Szachowy<br>o laur am"]
[Site "Krakow"]
[Date "2013.??.??"]
[Round "3.13"]
[White "Usarz, Michal"]
[Black "Ochowicz, Jakub"]
[Result "0-1"]
[WhiteElo "1191"]
[BlackElo "1591"]
[PlyCount "81"]
[EventDate "2013.??.??"]

1. e4 c5 2. c3 Nf6 3. e5 Nd5 4. d4 cxd4 5. cxd4 e6 6. Nf3 Nc6 7. Bd3 Be7 8. Bd2
d6 9. exd6 Qxd6 10. Nc3 a6 11. Nxd5 Qxd5 12. O-O Nxd4 13. Qa4+ Nc6 14. Be4 Qb5
15. Qxb5 axb5 16. Rfc1 Bd7 17. Rc2 O-O 18. a3 Ra4 19. Re1 Bd6 20. Bd3 Nd4 21.
Nxd4 Rxd4 22. Re3 h6 23. Bc3 Rd5 24. Be4 Rd1+ 25. Re1 Rxe1+ 26. Bxe1 Rc8 27.
Rd2 Bc6 28. Rc2 Bd7 29. Rd2 Rc1 30. Kf1 Bc6 31. Bc2 Kf8 32. Rxd6 Rxc2 33. Bb4
Ke8 34. Bc3 Ke7 35. Bb4 Kf6 36. Bc3+ Kg6 37. g3 Bd5 38. Rd8 f6 39. Ke1 Bf3 40.
Re8 e5 41. Re6 0-1

[Event "IX Otwarty Turniej Szachowy<br>o laur am"]
[Site "Krakow"]
[Date "2013.??.??"]
[Round "3.14"]
[White "Pniaczek, Marek"]
[Black "Peret, Ryszard"]
[Result "1-0"]
[WhiteElo "1467"]
[BlackElo "1581"]
[PlyCount "49"]
[EventDate "2013.??.??"]

1. e4 e5 2. Nf3 Nf6 3. d4 Nxe4 4. Bd3 d5 5. Nxe5 Nd7 6. Qe2 Nxe5 7. Bxe4 dxe4
8. Qxe4 Be7 9. dxe5 O-O 10. O-O c6 11. Nc3 Be6 12. Bf4 Qb6 13. b3 Rfd8 14. Be3
Qa5 15. Ne2 g6 16. Ng3 Rd5 17. f4 Rad8 18. c4 Rd3 19. Kh1 Bh4 20. f5 Bxg3 21.
fxe6 Bxe5 22. exf7+ Kf8 23. Bh6+ Bg7 24. Bxg7+ Kxg7 25. Qxd3 1-0

[Event "IX Otwarty Turniej Szachowy<br>o laur am"]
[Site "Krakow"]
[Date "2013.??.??"]
[Round "2.1"]
[White "Zegota, Andrzej"]
[Black "Kowalski, Piotr"]
[Result "1-0"]
[WhiteElo "1742"]
[BlackElo "2045"]
[PlyCount "85"]
[EventDate "2013.??.??"]

1. e4 c5 2. Nf3 d6 3. d4 cxd4 4. Nxd4 Nf6 5. Nc3 g6 6. Be2 Bg7 7. Be3 O-O 8.
Qd2 Nc6 9. O-O-O Nxd4 10. Bxd4 Be6 11. Kb1 Qc7 12. h4 h5 13. f3 a6 14. Qg5 Bc4
15. Bxc4 Qxc4 16. e5 dxe5 17. Bxe5 Rac8 18. Rd4 Qc5 19. Qf4 b5 20. Rc1 Bh6 21.
Qxh6 Qxe5 22. Qd2 e6 23. Re1 Qg3 24. Ne4 Qxh4 25. Nd6 Qg3 26. Nxc8 Rxc8 27.
Rd8+ Rxd8 28. Qxd8+ Kg7 29. Qd2 g5 30. Rc1 Kg6 31. c4 b4 32. c5 Nd5 33. c6 Qb8
34. c7 Qc8 35. Qc2+ Kh6 36. Qc5 h4 37. Qd6 Kg6 38. Qd8 Nb6 39. Rc6 Qb7 40. Rxb6
Qxb6 41. c8=Q Qg1+ 42. Qc1 Qxg2 43. Qc2+ 1-0

[Event "IX Otwarty Turniej Szachowy<br>o laur am"]
[Site "Krakow"]
[Date "2013.??.??"]
[Round "2.3"]
[White "Deka, Konrad"]
[Black "Lozynski, Kamil"]
[Result "1/2-1/2"]
[WhiteElo "1711"]
[BlackElo "1957"]
[PlyCount "60"]
[EventDate "2013.??.??"]

1. e4 e6 2. d3 c5 3. Nf3 Nc6 4. g3 Nge7 5. Bg2 g6 6. O-O Bg7 7. Re1 d6 8. Nc3
O-O 9. Be3 Nd4 10. Qd2 Re8 11. Nd1 Nec6 12. c3 Nxf3+ 13. Bxf3 Qa5 14. Bh6 Bh8
15. Ne3 Bd7 16. Nc4 Qc7 17. Bf4 Ne5 18. Bg2 b5 19. Ne3 Nc6 20. Rac1 e5 21. Bg5
Be6 22. Nd5 Bxd5 23. exd5 Ne7 24. c4 b4 25. Bh3 Bg7 26. Bh6 Rf8 27. Bxg7 Kxg7
28. f4 f6 29. Re2 h6 30. Rf1 Ng8 1/2-1/2

[Event "IX Otwarty Turniej Szachowy<br>o laur am"]
[Site "Krakow"]
[Date "2013.??.??"]
[Round "2.4"]
[White "Chmiel, Marcin"]
[Black "Szczurek, Krzysztof"]
[Result "1-0"]
[WhiteElo "1956"]
[BlackElo "1637"]
[PlyCount "69"]
[EventDate "2013.??.??"]

1. Nf3 Nf6 2. c4 g6 3. d4 Bg7 4. Nc3 O-O 5. e4 d6 6. Be2 Nbd7 7. O-O e5 8. Re1
Re8 9. Bf1 Nh5 10. Bg5 f6 11. Be3 Nf4 12. Qd2 g5 13. dxe5 dxe5 14. Rad1 Ne6 15.
c5 c6 16. Bc4 Kh8 17. h4 g4 18. Nh2 h5 19. Nf1 Qe7 20. Ng3 Ndxc5 21. Nxh5 Rd8
22. Qc1 Nd4 23. Bxd4 exd4 24. Ne2 d3 25. Nef4 Qe8 26. Nxg7 Kxg7 27. Nxd3 Nxd3
28. Rxd3 Rxd3 29. Bxd3 Be6 30. e5 f5 31. Bc4 Qf7 32. Qg5+ Kh7 33. Bxe6 Qxe6 34.
Rd1 Rf8 35. Rd6 1-0

[Event "IX Otwarty Turniej Szachowy<br>o laur am"]
[Site "Krakow"]
[Date "2013.??.??"]
[Round "2.5"]
[White "Wilk, Maciej"]
[Black "Gumularz, Szymon"]
[Result "1-0"]
[WhiteElo "1676"]
[BlackElo "1926"]
[PlyCount "65"]
[EventDate "2013.??.??"]

1. Nf3 Nf6 2. c4 g6 3. d4 Bg7 4. Nc3 d5 5. Bf4 O-O 6. e3 c5 7. dxc5 Qa5 8. Qa4
Qxc5 9. Rd1 dxc4 10. Bxc4 Nc6 11. O-O Bg4 12. Be2 Qb4 13. Qxb4 Nxb4 14. h3 Bf5
15. Nd4 Bd7 16. a3 Nc6 17. Bf3 Rfc8 18. Bg3 Nh5 19. Nxc6 Bxc6 20. Bxh5 gxh5 21.
Nd5 Kf8 22. Nc7 Rab8 23. Nd5 Ra8 24. Nc7 Rab8 25. Nd5 Bxb2 26. Bxb8 Rxb8 27. a4
Bxa4 28. Rb1 Be5 29. f4 Bd6 30. Rfc1 Bc6 31. Nb4 Be4 32. Rb3 Ke8 33. Rc4 1-0

[Event "IX Otwarty Turniej Szachowy<br>o laur am"]
[Site "Krakow"]
[Date "2013.??.??"]
[Round "2.6"]
[White "Janik, Andrzej"]
[Black "Madej, Roman"]
[Result "1-0"]
[WhiteElo "1875"]
[BlackElo "1606"]
[PlyCount "65"]
[EventDate "2013.??.??"]

1. Nf3 c6 2. g3 d5 3. Bg2 Nf6 4. O-O Nbd7 5. d3 e6 6. Nbd2 Bd6 7. e4 O-O 8. Qe2
dxe4 9. dxe4 e5 10. b3 Nc5 11. Bb2 Qe7 12. Rad1 b6 13. Nh4 Bg4 14. f3 Be6 15.
Nf5 Bxf5 16. exf5 b5 17. Rfe1 Nd5 18. Ne4 Nxe4 19. Qxe4 f6 20. c4 bxc4 21. Qxc4
Bc5+ 22. Kh1 Kh8 23. Rc1 Nb4 24. a3 Rfd8 25. axb4 Bxb4 26. Bc3 Rab8 27. f4 c5
28. fxe5 fxe5 29. Rxe5 Qg5 30. Rce1 Qh5 31. Bxb4 cxb4 32. Qe6 Rd1 33. g4 1-0

[Event "IX Otwarty Turniej Szachowy<br>o laur am"]
[Site "Krakow"]
[Date "2013.??.??"]
[Round "2.7"]
[White "Latka, Tadeusz"]
[Black "Matysiak, Samuel"]
[Result "0-1"]
[WhiteElo "1610"]
[BlackElo "1851"]
[PlyCount "94"]
[EventDate "2013.??.??"]

1. Nf3 d5 2. b3 c5 3. Bb2 Nc6 4. e3 Nf6 5. Be2 g6 6. O-O Bg7 7. c4 O-O 8. Nc3
d4 9. exd4 cxd4 10. Nd5 Nxd5 11. cxd5 Qxd5 12. Bc4 Qh5 13. Re1 Bg4 14. h3 Bxf3
15. Qxf3 Qxf3 16. gxf3 e6 17. Kg2 a6 18. Ba3 Rfd8 19. Rac1 Bh6 20. Red1 d3 21.
Bb2 Rac8 22. Bf6 Rd6 23. Rc3 e5 24. Bh4 g5 25. Bg3 Rcd8 26. a4 a5 27. Bb5 f6
28. h4 gxh4 29. Bxh4 Kg7 30. Kh3 Kg6 31. Kg4 Rd4+ 32. Kh3 R8d6 33. Bg3 Kf5 34.
Kg2 Bg5 35. f4 Bxf4 36. Bxf4 Kxf4 37. Rh1 Rd7 38. Bxc6 bxc6 39. Rxc6 Kg5 40.
Rh3 h5 41. Kf3 f5 42. Rc5 h4 43. Ke3 Kg4 44. f3+ Kxh3 45. Kf2 R7d6 46. Rc1 Kh2
47. Rg1 h3 0-1

[Event "IX Otwarty Turniej Szachowy<br>o laur am"]
[Site "Krakow"]
[Date "2013.??.??"]
[Round "2.8"]
[White "Swiech, Joanna"]
[Black "Peronczyk, Karol"]
[Result "0-1"]
[WhiteElo "1537"]
[BlackElo "1764"]
[PlyCount "46"]
[EventDate "2013.??.??"]

1. d4 d5 2. c4 e5 3. dxe5 d4 4. Nf3 Nc6 5. Bg5 Be7 6. Bxe7 Ngxe7 7. g3 Ng6 8.
Bg2 Ngxe5 9. O-O O-O 10. Nbd2 Rb8 11. a3 Bg4 12. Rc1 Qd7 13. Re1 Rfd8 14. Nxe5
Nxe5 15. Nb3 d3 16. Qd2 dxe2 17. Qxd7 Rxd7 18. Nc5 Rd1 19. h3 Nf3+ 20. Bxf3
Bxf3 21. Nb3 Rbd8 22. Kh2 Rxe1 23. Rxe1 Rd1 0-1

[Event "IX Otwarty Turniej Szachowy<br>o laur am"]
[Site "Krakow"]
[Date "2013.??.??"]
[Round "2.9"]
[White "Ptaszek, Piotr"]
[Black "Klementys, Jerzy"]
[Result "0-1"]
[WhiteElo "1724"]
[BlackElo "1800"]
[PlyCount "64"]
[EventDate "2013.??.??"]

1. e4 c5 2. c3 Nf6 3. e5 Nd5 4. d4 cxd4 5. Nf3 d6 6. Qxd4 e6 7. Bg5 f6 8. exf6
Nxf6 9. Nbd2 Nc6 10. Bb5 Bd7 11. Qh4 Be7 12. O-O O-O 13. Bd3 h6 14. Ne4 d5 15.
Nxf6+ Bxf6 16. Bxf6 Qxf6 17. Rae1 e5 18. Bb5 e4 19. Qxf6 gxf6 20. Nd4 a6 21.
Bxc6 bxc6 22. Re3 f5 23. f4 c5 24. Nb3 Rac8 25. Rd1 Be6 26. Na1 d4 27. cxd4
cxd4 28. Rxd4 Rc1+ 29. Kf2 Rxa1 30. Rd6 Kf7 31. Rh3 Rh8 32. Rc3 Rxa2 0-1

[Event "IX Otwarty Turniej Szachowy<br>o laur am"]
[Site "Krakow"]
[Date "2013.??.??"]
[Round "2.10"]
[White "Golda, Sebastian"]
[Black "Usarz, Michal"]
[Result "1-0"]
[WhiteElo "1605"]
[BlackElo "1191"]
[PlyCount "44"]
[EventDate "2013.??.??"]

1. e4 e5 2. Nf3 Nf6 3. d4 Nxe4 4. dxe5 d6 5. Bc4 Be7 6. Qd5 Be6 7. Qxb7 Bxc4 8.
Qxa8 d5 9. Qxa7 Bc5 10. Qa4+ c6 11. Be3 Bb5 12. Qa8 Bxe3 13. fxe3 Qb6 14. Qa3
Na6 15. Nd4 c5 16. Nxb5 Nb4 17. Qa4 O-O 18. N1c3 Rd8 19. Nxe4 dxe4 20. O-O Rd2
21. Nd6 Nxc2 22. Nxf7 c4 1-0

[Event "IX Otwarty Turniej Szachowy<br>o laur am"]
[Site "Krakow"]
[Date "2013.??.??"]
[Round "2.11"]
[White "Puklo, Tomasz"]
[Black "Cebula, Alicja"]
[Result "0-1"]
[WhiteElo "1361"]
[BlackElo "1595"]
[PlyCount "42"]
[EventDate "2013.??.??"]

1. e4 c5 2. Nf3 e6 3. d4 cxd4 4. Nxd4 a6 5. Nc3 b5 6. Be3 Qc7 7. Bd3 Bb7 8. a3
Nf6 9. O-O b4 10. axb4 Bxb4 11. Bd2 Bxc3 12. Bxc3 Bxe4 13. Re1 Bxd3 14. Qxd3
O-O 15. Nb5 Qf4 16. Re3 d5 17. Rf3 Qe4 18. Bxf6 Qxd3 19. cxd3 gxf6 20. Rxf6 Nd7
21. Rf4 axb5 0-1

[Event "IX Otwarty Turniej Szachowy<br>o laur am"]
[Site "Krakow"]
[Date "2013.??.??"]
[Round "2.12"]
[White "Ochowicz, Jakub"]
[Black "Pniaczek, Marek"]
[Result "1/2-1/2"]
[WhiteElo "1591"]
[BlackElo "1467"]
[PlyCount "53"]
[EventDate "2013.??.??"]

1. e4 c5 2. Nf3 e6 3. d4 cxd4 4. Nxd4 Nc6 5. Nc3 Nf6 6. Nxc6 bxc6 7. Be3 Bb4 8.
Bd3 d5 9. exd5 Nxd5 10. Bd2 Nxc3 11. bxc3 Bd6 12. Qf3 Qc7 13. h3 Bd7 14. O-O
O-O 15. c4 Be5 16. Rae1 Bf6 17. Bf4 Qa5 18. Bd6 Rfe8 19. a3 Be7 20. Bxe7 Rxe7
21. Rb1 Qc7 22. Rb3 Ree8 23. Rfb1 Rab8 24. Be4 Rb6 25. Qe3 Reb8 26. Rb4 g6 27.
R1b3 1/2-1/2

[Event "IX Otwarty Turniej Szachowy<br>o laur am"]
[Site "Krakow"]
[Date "2013.??.??"]
[Round "1.1"]
[White "Kowalski, Piotr"]
[Black "Golda, Sebastian"]
[Result "1-0"]
[WhiteElo "2045"]
[BlackElo "1605"]
[PlyCount "115"]
[EventDate "2013.??.??"]

1. e4 e5 2. Nf3 Nc6 3. Bb5 a6 4. Ba4 Nf6 5. O-O b5 6. Bb3 Be7 7. Re1 O-O 8. a4
b4 9. d3 d5 10. exd5 Nxd5 11. Nxe5 Nxe5 12. Rxe5 c6 13. Nd2 Bd6 14. Re1 Qh4 15.
g3 Qh3 16. Ne4 Bc7 17. Ng5 Qd7 18. Qf3 f6 19. Ne4 f5 20. Nc5 Qd6 21. Bf4 Qxc5
22. Bxc7 Kh8 23. Be5 Bd7 24. d4 Qa5 25. Bd6 Rg8 26. Qh5 Rae8 27. Re5 Rxe5 28.
Bxe5 Rf8 29. Re1 Qd8 30. Bd6 Rf6 31. Bc5 Rh6 32. Qf3 Be6 33. Re5 Qd7 34. Qe2
Rf6 35. Qxa6 f4 36. Qa8+ Bg8 37. Re8 Qf7 38. Rxg8+ Qxg8 39. Qxg8+ Kxg8 40. Bxb4
fxg3 41. hxg3 Kf7 42. Bc5 Re6 43. a5 Re8 44. a6 Ra8 45. a7 Ke8 46. c4 Ne7 47.
Ba4 Kd7 48. d5 h6 49. b4 g5 50. b5 cxb5 51. Bxb5+ Kd8 52. Bb6+ Kc8 53. d6 Kb7
54. dxe7 Kxb6 55. e8=Q Rxe8 56. Bxe8 Kxa7 57. c5 Kb7 58. f4 1-0

[Event "IX Otwarty Turniej Szachowy<br>o laur am"]
[Site "Krakow"]
[Date "2013.??.??"]
[Round "1.2"]
[White "Cebula, Alicja"]
[Black "Czarnik, Josef"]
[Result "0-1"]
[WhiteElo "1595"]
[BlackElo "2016"]
[PlyCount "104"]
[EventDate "2013.??.??"]

1. e4 e6 2. d4 d5 3. e5 c5 4. c3 Nc6 5. Nf3 Qb6 6. a3 Nh6 7. Bd3 Bd7 8. Bc2 Nf5
9. Bxf5 exf5 10. O-O Be6 11. b4 cxd4 12. cxd4 Be7 13. Nc3 O-O 14. Qd3 Rfc8 15.
Be3 Qd8 16. Nd2 a5 17. b5 Nb8 18. Rfc1 Nd7 19. Na4 b6 20. f4 Rc7 21. Rc2 Rxc2
22. Qxc2 Rc8 23. Qb3 Qc7 24. Kf2 Qc2 25. Qxc2 Rxc2 26. Ke2 h6 27. Kd3 Rc8 28.
Nc3 f6 29. Na2 Bxa3 30. h4 fxe5 31. fxe5 Nf8 32. g3 Kf7 33. Rf1 Ke7 34. Nc3 Kd8
35. Na4 Kc7 36. Nb1 Be7 37. Rc1+ Kb7 38. Rxc8 Bxc8 39. Nbc3 Be6 40. Ne2 g5 41.
hxg5 hxg5 42. Bd2 Ng6 43. Ke3 Nh8 44. Ng1 Nf7 45. Nh3 f4+ 46. Nxf4 gxf4+ 47.
gxf4 Nh6 48. Kf3 Nf5 49. Be3 Bb4 50. Nb2 Bc3 51. Nd1 Bxd4 52. Bxd4 Nxd4+ 0-1

[Event "IX Otwarty Turniej Szachowy<br>o laur am"]
[Site "Krakow"]
[Date "2013.??.??"]
[Round "1.3"]
[White "Lozynski, Kamil"]
[Black "Ochowicz, Jakub"]
[Result "1-0"]
[WhiteElo "1957"]
[BlackElo "1591"]
[PlyCount "71"]
[EventDate "2013.??.??"]

1. d4 Nf6 2. Nc3 g6 3. e4 d6 4. Bd3 Nbd7 5. f4 c6 6. Nf3 Bg7 7. O-O O-O 8. Ne2
Re8 9. f5 e5 10. fxe6 fxe6 11. c3 Qb6 12. Kh1 d5 13. e5 Ng4 14. h3 Nh6 15. g4
Nf7 16. Qe1 c5 17. Qf2 c4 18. Bc2 Qc7 19. Nf4 a6 20. Bd2 Rb8 21. Rae1 Nf8 22.
h4 a5 23. g5 Bh8 24. h5 Kg7 25. hxg6 hxg6 26. Rg1 Qd8 27. Qg3 b5 28. Nh4 b4 29.
Nhxg6 b3 30. Nh5+ Kg8 31. axb3 Nxg6 32. Bxg6 Re7 33. Nf6+ Kf8 34. Qh4 Rxb3 35.
Bxf7 Kxf7 36. g6+ 1-0

[Event "IX Otwarty Turniej Szachowy<br>o laur am"]
[Site "Krakow"]
[Date "2013.??.??"]
[Round "1.4"]
[White "Lewczuk, Antoni"]
[Black "Chmiel, Marcin"]
[Result "0-1"]
[WhiteElo "1588"]
[BlackElo "1956"]
[PlyCount "54"]
[EventDate "2013.??.??"]

1. c4 c5 2. g3 Nc6 3. b3 g6 4. Bb2 e5 5. Bg2 Bg7 6. e3 Nge7 7. Ne2 O-O 8. O-O
d5 9. cxd5 Nxd5 10. d4 exd4 11. exd4 Bg4 12. f3 Bf5 13. Qd2 Ndb4 14. g4 Bd3 15.
Rd1 Bxe2 16. Qxe2 Nxd4 17. Qf2 Nbc2 18. Na3 Nxa1 19. Bxa1 Re8 20. Bf1 Qe7 21.
Nc4 Rad8 22. Kg2 b5 23. Nd2 Nxf3 24. Kxf3 Bxa1 25. Bxb5 Qb7+ 26. Kg3 Be5+ 27.
Kh3 Qxb5 0-1

[Event "IX Otwarty Turniej Szachowy<br>o laur am"]
[Site "Krakow"]
[Date "2013.??.??"]
[Round "1.5"]
[White "Gumularz, Szymon"]
[Black "Peret, Ryszard"]
[Result "1-0"]
[WhiteElo "1926"]
[BlackElo "1581"]
[PlyCount "35"]
[EventDate "2013.??.??"]

1. e4 e5 2. Nf3 Nf6 3. d4 Nxe4 4. Bd3 d5 5. Nxe5 Be7 6. O-O O-O 7. Nd2 Nf6 8.
Ndf3 Nc6 9. Re1 Re8 10. Ng5 Nxe5 11. dxe5 Ng4 12. Bxh7+ Kf8 13. Nxf7 Kxf7 14.
e6+ Bxe6 15. Rxe6 Kxe6 16. Qxg4+ Kf7 17. Bg6+ Kf8 18. Qe6 1-0

[Event "IX Otwarty Turniej Szachowy<br>o laur am"]
[Site "Krakow"]
[Date "2013.??.??"]
[Round "1.6"]
[White "Golenia, Jan"]
[Black "Janik, Andrzej"]
[Result "0-1"]
[WhiteElo "1569"]
[BlackElo "1875"]
[PlyCount "66"]
[EventDate "2013.??.??"]

1. Nf3 Nf6 2. d4 e6 3. Bf4 d5 4. Nbd2 Be7 5. c3 O-O 6. Qc2 c5 7. e3 Nc6 8. Bd3
c4 9. Be2 Nh5 10. Bg3 f5 11. Ne5 Nxg3 12. Nxc6 bxc6 13. hxg3 c5 14. g4 cxd4 15.
exd4 g6 16. gxf5 Rxf5 17. Nf3 Rb8 18. Rh2 Bd6 19. g3 Qb6 20. O-O-O Qa5 21. Kd2
Qxa2 22. Rb1 e5 23. g4 exd4 24. Nxd4 Rf4 25. Rg2 Rxd4+ 26. cxd4 c3+ 27. Kd1 Bd7
28. b3 Qa5 29. Bd3 Kg7 30. f3 Qb4 31. Qf2 Bf4 32. Qc2 Ba4 33. Ke1 Bxb3 0-1

[Event "IX Otwarty Turniej Szachowy<br>o laur am"]
[Site "Krakow"]
[Date "2013.??.??"]
[Round "1.7"]
[White "Matysiak, Samuel"]
[Black "Chowaniec, Artur"]
[Result "1-0"]
[WhiteElo "1851"]
[BlackElo "1540"]
[PlyCount "27"]
[EventDate "2013.??.??"]

1. e4 c5 2. Nf3 d6 3. d4 cxd4 4. Qxd4 Nf6 5. Bg5 Qa5+ 6. Nc3 e5 7. Qd2 Bg4 8.
O-O-O Nxe4 9. Nxe4 Qxa2 10. Nxd6+ Bxd6 11. Qxd6 Qa1+ 12. Kd2 Qa5+ 13. b4 Nc6
14. bxa5 1-0

[Event "IX Otwarty Turniej Szachowy<br>o laur am"]
[Site "Krakow"]
[Date "2013.??.??"]
[Round "1.8"]
[White "Swiech, Joanna"]
[Black "Klementys, Jerzy"]
[Result "1-0"]
[WhiteElo "1537"]
[BlackElo "1800"]
[PlyCount "67"]
[EventDate "2013.??.??"]

1. d4 Nf6 2. c4 g6 3. Nc3 Bg7 4. Nf3 O-O 5. Bg5 d6 6. e3 c5 7. Be2 Qb6 8. Qd2
h6 9. Bxf6 Bxf6 10. O-O Nc6 11. Nd5 Qd8 12. Nxf6+ exf6 13. Rfd1 Qe7 14. h3 Kg7
15. Qc3 b6 16. a3 a5 17. Rac1 Re8 18. Qb3 Rb8 19. Rd2 g5 20. Rcd1 f5 21. Qc3 f6
22. Bd3 g4 23. hxg4 fxg4 24. Nh4 g3 25. Bf5 gxf2+ 26. Kxf2 Ba6 27. Bg6 Qd7 28.
Bxe8 Rxe8 29. dxc5 Qg4 30. Nf3 dxc5 31. Rd7+ Ne7 32. R1d6 Qf5 33. e4 Qg6 34. e5
1-0